1161 1154 1380 1594 1280 1636 1168 1743 1696 1096 1378 1564 1700 1820 1079 1140 1567 1832 1479 1569 1614 1991 1649 1458 1324 1603 1682 1607 1792 1361 1204 1112 1795 1718 1370 1033 1492 1766 1757 1486 1779 1783 1255 1843 1817 1919 1705 1792 1975 1774 1797 1328 1831 1430 1319 1668 1004 1559 1840 1307 1606 1677 1255 1810 1978 1573 1389 1062 1996 1807 1409 1412 1926 1673 1373 1422 1204 1288 1566 1689 1681 1317 1163 1289 1873 1474 1570 1695 1858 1261 1347 1209 1781 1011 1596 1890 1963 1345 1587 BCNSPRNW ULIB Ver.6.0+V

เปลี่ยนเป็นภาษาไทย

Change to English
 แสดงรายละเอียดบรรณานุกรม
  กลับหน้าหลัก

Brief Record : Get Marc (ISO 2709) : E-mail record : QR code < ปิดหน้าต่าง
LEADER : 00000nam 2200000uu 4500
001    13399126893
003     ULIB
008    190829s2561||||th 000 0 tha d
020    ^a9786164682528
060    ^aWM270^bน256ก
100    ^aนริสา วงศ์พนารักษ์
245    ^aการพยาบาลผู้ติดสารเสพติด/^bนริสา วงศ์พนารักษ์
250    ^aพิมพ์ครั้งที่ 2
260    ^aมหาสารคาม :^bกากะเยีย,^c2561.
300    ^a159 หน้า : ^bตารางประกอบ;^c26 ซม.
504    ^aเอกสารอ้างอิงและดัชนีท้ายเล่ม
650  7 ^aการพยาบาลจิตเวชศาสตร์.
650  7 ^aการติดยาเสพติด.
710    ^aมหาวิทยาลัยมหาสารคาม^bคณะพยาบาลศาสตร์
945    ^p230^l0^i27530
945    ^p230^l0^i27527
945    ^p230^l0^i27526
945    ^p230^l0^i27528
945    ^p230^l0^i27529
999    ^aกัณชพร จุลอักษร
รายการนี้ยังไม่มีแท็ก
คุณยังไม่ได้ล็อกอิน คุณสามารถมีกิจกรรมร่วมกับเว็บไซต์ได้ แต่ต้องล็อกอินก่อน ::
  ล็อกอิน

รายการสื่อสารสนเทศ

ลำดับที่ ประเภท เลขเรียก/บาร์โค้ด สถานที่ สถานะ
1. หนังสือสำรอง
หนังสือสำรอง
WM270 น256ก ฉ.1 
  Barcode: 27526
ห้องสมุดวิทยาเขตนครสวรรค์
►หนังสือทั่วไป:l:General Books
บนชั้น
2. วิทยาศาสตร์การแพทย์ และสุขภาพ
วิทยาศาสตร์การแพทย์ และสุขภาพ
WM270 น256ก ฉ.2 
  Barcode: 27527
ห้องสมุดวิทยาเขตนครสวรรค์
►หนังสือทั่วไป:l:General Books
บนชั้น
3. วิทยาศาสตร์การแพทย์ และสุขภาพ
วิทยาศาสตร์การแพทย์ และสุขภาพ
WM270 น256ก ฉ.3 
  Barcode: 27528
ห้องสมุดวิทยาเขตนครสวรรค์
►หนังสือทั่วไป:l:General Books
บนชั้น
4. วิทยาศาสตร์การแพทย์ และสุขภาพ
วิทยาศาสตร์การแพทย์ และสุขภาพ
WM270 น256ก ฉ.4 
  Barcode: 27529
ห้องสมุดวิทยาเขตนครสวรรค์
►หนังสือทั่วไป:l:General Books
บนชั้น
5. วิทยาศาสตร์การแพทย์ และสุขภาพ
วิทยาศาสตร์การแพทย์ และสุขภาพ
WM270 น256ก ฉ.5 
  Barcode: 27530
ห้องสมุดวิทยาเขตนครสวรรค์
►หนังสือทั่วไป:l:General Books
บนชั้น

รายการใกล้เคียง
    ผู้แต่ง [นริสา วงศ์พนารักษ์]

    หัวเรื่อง [การพยาบาลจิตเวชศาสตร์.]
    หัวเรื่อง [การติดยาเสพติด.]

BibComment


ยังไม่เคยถูกคอมเมนท์

คอมเมนท์ทรัพยากรรายการนี้
  คอมเมนท์: การพยาบาลผู้ติดส..


 Copyright 2026. Bcnsprnw @Library